00449nam a2200145 a 450000100100000000500170001000800410002704000250006824500230009326000360011630000200015204900090017295201050018199900170028600003423620200930070906.0110928s1914 dr 000 0 spa d aDO-SdBNPbspacBNPHU00aGranos de arena /. a[Santo Domingo :bs.n.,c1914]. a55 p. ;c21 cm. aBNPD 001050718RVaPDbPDcCTd2011-09-28iLF1l0o p34236-10r2020-06-25w2020-06-25y1ZNo se presta c33727d33727